The Office Characters by Emojis - Statistics

General Stats
  • This quiz has been taken 69 times
  • The average score is 12 of 15
Answer Stats
Emojis Characters % Correct
πŸŒΎπŸ πŸ‘“ Dwight
98%
πŸ₯ͺπŸ¦†πŸ“ Jim
98%
πŸŽ¨πŸ“žπŸ«– Pam
98%
πŸ±πŸ‘Όβ›ͺ️ Angela
95%
β›Έβ˜•οΈπŸ¦Ά Michael
95%
πŸ‘™πŸ’„β€οΈ Kelly
82%
🍬🍜🎰 Kevin
82%
πŸ¦‡πŸ¦πŸ’‰ Meredith
82%
πŸ§©πŸ“πŸ› Stanley
82%
πŸŽ­πŸ•ΊπŸ˜‘ Andy
76%
😎πŸ”₯πŸ«“ Ryan
76%
πŸ‘΅πŸͺ‘πŸ‘°β€β™€οΈ Phyllis
75%
πŸ“¦πŸ“πŸ¦Ί Darryl
69%
πŸ§“πŸ₯·πŸ«˜ Creed
65%
πŸ§˜β€β™€οΈπŸ˜ˆπŸ•― Jan
65%
No matching quizzes found
Score Distribution
Percent of People with Each Score
Percentile by Number Answered
Your Score History
You have not taken this quiz